000 00649nam a22002177a 4500
005 20150723112057.0
008 140714b xxu||||| |||| 00| 0 Urdu d
010 _aUR-9221
020 q _c300.00
035 _aU-7776
037 _bDBAD/Pub.
040 _aDPL
_bUrdu
082 _a 841
100 _aا حمد شنا س
245 _aپس آ شکا ر
_cا حمد شنا س
246 _aPas-e-Aashkar
_bBy Ahmed Shanas
260 _aN. Delhi
_c2010
_bM.R.Publications
270 _a3871,4th Floor,Kalan Mahal,Darya Ganj,
_bN.Delhi
_e110002
_k9810784549
300 _a152ص
_c22Cm (Hb)
942 _2ddc
_cUR
_e
_h 841
_mا ح م
999 _c95184
_d95184